000 00307nam a22001217a 4500
020 _a9788189972844
082 _a631.584
_bPAT/OR
100 _aPatro,Lingaraj
_9976
245 _aOrganic Farming and Vermiculture
260 _aDelhi
_bMangalam Publishers and Distributors
_c2013
300 _a349
942 _cBK
999 _c14564
_d14564